Report of the Municipal Rationalisation Committee. (Record no. 63658)

MARC details
000 -LEADER
fixed length control field 00589cam a22002051 4500
001 - CONTROL NUMBER
control field sa 65004288
003 - CONTROL NUMBER IDENTIFIER
control field DLC
005 - DATE AND TIME OF LATEST TRANSACTION
control field 20260227112129.0
008 - FIXED-LENGTH DATA ELEMENTS--GENERAL INFORMATION
fixed length control field 841109s1964 ii s000 0 eng
010 ## - LIBRARY OF CONGRESS CONTROL NUMBER
LC control number sa 65004288
025 ## - OVERSEAS ACQUISITION NUMBER
Overseas acquisition number PL480:I-E-3862
035 ## - SYSTEM CONTROL NUMBER
System control number (OCoLC)11368826
040 ## - CATALOGING SOURCE
Original cataloging agency DLC
Transcribing agency WU
Modifying agency DLC
050 00 - LIBRARY OF CONGRESS CALL NUMBER
Classification number HT147.I5
Item number G77
110 1# - MAIN ENTRY--CORPORATE NAME
Corporate name or jurisdiction name as entry element Gujarat (India).
Subordinate unit Committee for Rationalisation of Municipal Functions.
245 10 - TITLE STATEMENT
Title Report of the Municipal Rationalisation Committee.
260 ## - PUBLICATION, DISTRIBUTION, ETC.
Place of publication, distribution, etc. [Ahmedabad,
Date of publication, distribution, etc. 1964?]
300 ## - PHYSICAL DESCRIPTION
Extent 177 p.
Dimensions 24 cm.
650 #0 - SUBJECT ADDED ENTRY--TOPICAL TERM
Topical term or geographic name entry element City planning
Geographic subdivision India.

No items available.

Powered by Koha